Statistics for WWE Monday Night Raw Roster

Click here to take the quiz!

General Stats

  • This quiz has been taken 2,531 times
  • The average score is 8 of 30

Answer Stats

Superstar% Correct
John Cena
87%
Triple H
61%
CM Punk
60%
Kane
57%
Big Show
55%
The Miz
49%
Rey Mysterio
39%
Dolph Ziggler
37%
Kofi Kingston
36%
Brock Lesnar
33%
Chris Jericho
33%
Dwayne "The Rock" Johnson
31%
R-Truth
28%
Jack Swagger
24%
Zack Ryder
23%
Santino Marella
19%
Beth Phoenix
15%
Eve
14%
David Otunga
13%
Evan Bourne
13%
Kelly Kelly
13%
Alex Riley
11%
Tensai
10%
Epico
9%
Primo
9%
Curt Hawkins
6%
JTG
4%
Mason Ryan
4%
Michael McGillicutty
3%
Tyler Reks
3%

Score Distribution

Percentile by Number Answered

Percent of People with Each Score

Your Score History

You have not taken this quiz